|
|
|
|
| LEADER |
00714nam a2200181 i 4500 |
| 001 |
misc49403 |
| 005 |
20200717141151.0 |
| 008 |
200422s1959 hu o 0|| hun d |
| 040 |
|
|
|a SZTE Miscellanea Repozitórium
|b hun
|
| 041 |
|
|
|a hun
|
| 100 |
1 |
|
|a Fidrich Ilona
|
| 245 |
1 |
0 |
|a Beindítóprogramok az M-3 géphez. Fidrich Ilona szakdolgozata alkalmazott matematikából az 1958/59 tanévben
|h [elektronikus dokumentum] /
|c Fidrich Ilona
|
| 260 |
|
|
|a [s. n.]
|b [Szeged]
|c 1959
|
| 300 |
|
|
|a 23 t.
|c 30 cm
|
| 561 |
|
|
|a Kalmár László hagyaték
|
| 591 |
|
|
|a Dr. Kalmár László hagyatéka (pecsét)
|
| 695 |
|
|
|a Programozás - M-3 - szakdolgozat
|
| 856 |
4 |
0 |
|u http://misc.bibl.u-szeged.hu/49403/1/xc_68954.pdf
|z Dokumentum-elérés
|